Welcome to the Holygrace Academy Library

Please use search bar below to get started

TWILIGHT (Record no. 3241)

MARC details
000 -LEADER
fixed length control field 00565nam a22001457a 4500
020 ## - INTERNATIONAL STANDARD BOOK NUMBER
ISBN 978-1-904233-65-7
082 ## - DEWEY DECIMAL CLASSIFICATION NUMBER
Classification number 823
Item number MEY/T
100 ## - MAIN ENTRY--AUTHOR NAME
Personal name MEYER,STEPHENIE
245 ## - TITLE STATEMENT
Title TWILIGHT
260 ## - PUBLICATION, DISTRIBUTION, ETC. (IMPRINT)
Place of publication LONDON
Name of publisher ATOM
300 ## - PHYSICAL DESCRIPTION
Number of Pages 434
520 ## - SUMMARY, ETC.
Summary, etc It is the first book in the Twilight series, and introduces seventeen-year-old Isabella "Bella" Swan, who moves from Phoenix, Arizona, to Forks, Washington. She is endangered after falling in love with Edward Cullen, a 103-year-old vampire frozen in his 17-year-old body.
650 ## - SUBJECT ADDED ENTRY--TOPICAL TERM
Topical Term ENGLISH NOVEL
Geographic subdivision LONDON
942 ## - ADDED ENTRY ELEMENTS (KOHA)
Koha item type Books
Holdings
Withdrawn status Lost status Collection code Home library Current library Shelving location Date acquired Source of acquisition Full call number Accession Number Koha item type
    Fiction Main Library Main Library SHELF-2-I ENGLIAH NOVEL TEACHERS 21/04/2015 PURCHASE 823 MEY/T 08494 Books